000 00370nam a2200157 4500
008 190529s1991||||xo d
245 1 0 _aMiluj svoj život
260 _bGardenia
_aPoprad
_c1991
041 1 _aslo
044 _axo
_cSK
020 _a9788085662573
_c0
100 1 _aHayová L. Louise
_91160
250 _a1. vydanie
300 _a223 s.
958 _aA
999 _c22464
_d22464